[Event "Acqui Terme Collino op 2nd"]
[Site "Acqui Terme"]
[Date "2017.11.04"]
[Round "3"]
[White "Giudici, Alberto"]
[Black "Torriano, Enzo"]
[Result "1-0"]
[WhiteElo "1944"]
[BlackElo "1758"]
[PlyCount "47"]
[EventDate "2017.11.03"]
[EventType "swiss"]
[EventRounds "5"]
[EventCountry "ITA"]
[SourceTitle "CBM 181 Extra"]
[Source "ChessBase"]
[SourceDate "2017.12.12"]
[SourceVersion "1"]
[SourceVersionDate "2017.12.12"]
[SourceQuality "1"]

1. d4 d5 2. Nf3 Nf6 3. Bf4 Bf5 4. e3 e6 5. Be2 c5 6. c3 Nc6 7. Nbd2 cxd4 8. exd4 Bd6 9. Bg5 h6 10. Bh4 e5 11. dxe5 Nxe5 12. Nxe5 Bxe5 13. Nf3 Bc7 14. Bxf6 gxf6 15. Nd4 Bd7 16. Qb3 Bc6 17. Nxc6 bxc6 18. Qb7 Kd7 19. Bg4+ Kd6 20. 0-0-0 f5 21. Qb4+ c5 22. Qf4+ Kc6 23. Qxf5 Re8 24. Rxd5 1-0

[Event "Asti op 4th"]
[Site "Asti"]
[Date "2009.04.18"]
[Round "4"]
[White "Finocchiaro, Gianluca"]
[Black "Giudici, Alberto"]
[Result "1-0"]
[WhiteElo "2064"]
[BlackElo "1999"]
[PlyCount "75"]
[EventDate "2009.04.16"]
[EventType "swiss"]
[EventRounds "6"]
[EventCountry "ITA"]
[SourceTitle "CBM 130 Extra"]
[Source "ChessBase"]
[SourceDate "2009.07.02"]
[SourceVersion "2"]
[SourceVersionDate "2009.07.15"]
[SourceQuality "1"]

1. e4 c5 2. c3 Nf6 3. e5 Nd5 4. d4 e6 5. Nf3 Nc6 6. a3 cxd4 7. cxd4 Qa5+ 8. Bd2 Qb6 9. Nc3 Nxd4 10. Nxd5 exd5 11. Nxd4 Qxd4 12. Bc3 Qe4+ 13. Be2 Bc5 14. 0-0 d4 15. Bf3 Qf4 16. g3 Qf5 17. Bg4 Qg5 18. Bxd4 Bxd4 19. Qxd4 0-0 20. Rac1 h5 21. Bf3 f6 22. exf6 Rxf6 23. Rc5 Rf5 24. Qc4+ d5 25. Rxc8+ Kh7 26. Bxd5 Rxc8 27. Qxc8 Rxd5 28. Re1 Rb5 29. Re8 Rf5 30. Qc2 Qf6 31. h4 Qf7 32. Rc8 Qf6 33. Rc5 g6 34. Rc7+ Kg8 35. Rxb7 Qe6 36. Qc3 Re5 37. Rb8+ Kf7 38. Qf3+ 1-0

[Event "Novi Ligure op 3rd"]
[Site "Novi Ligure"]
[Date "2008.10.12"]
[Round "5"]
[White "Giudici, Alberto"]
[Black "Maffeo, Mauro"]
[Result "0-1"]
[WhiteElo "2018"]
[BlackElo "1637"]
[PlyCount "75"]
[EventDate "2008.10.10"]
[EventType "swiss"]
[EventRounds "5"]
[EventCountry "ITA"]
[SourceTitle "EXT 2023"]
[Source "ChessBase"]
[SourceDate "2022.10.05"]
[SourceVersion "1"]
[SourceVersionDate "2022.10.05"]
[SourceQuality "1"]

1. g4 e5 2. Bg2 Nc6 3. e3 d6 4. h3 Nge7 5. b3 Be6 6. Bb2 g6 7. Ne2 Bg7 8. Nbc3 d5 9. d4 e4 10. Nf4 Qd7 11. Nxe6 fxe6 12. Qe2 e5 13. dxe5 Nxe5 14. 0-0 0-0 15. Rad1 c6 16. Ba3 Nf3+ 17. Bxf3 Rxf3 18. Na4 Rxh3 19. Kg2 Rf3 20. Rg1 Qxg4+ 21. Kf1 Qh3+ 22. Ke1 b5 23. Bxe7 bxa4 24. Qf1 Bc3+ 25. Ke2 Qf5 26. bxa4 Qh5 27. Rd2 Bxd2 28. Kxd2 Qe5 29. Bc5 Re8 30. Bxa7 Qe6 31. Bd4 c5 32. Bb2 Rb8 33. Ba3 Qb6 34. Rg3 Rbf8 35. Rxf3 Rxf3 36. c4 d4 37. Bc1 dxe3+ 38. Ke2 0-1

[Event "Novi Ligure op 3rd"]
[Site "Novi Ligure"]
[Date "2008.10.12"]
[Round "4"]
[White "Giudici, Alberto"]
[Black "Quirico, Paolo"]
[Result "0-1"]
[WhiteElo "2018"]
[BlackElo "2097"]
[PlyCount "84"]
[EventDate "2008.10.10"]
[EventType "swiss"]
[EventRounds "5"]
[EventCountry "ITA"]
[SourceTitle "EXT 2023"]
[Source "ChessBase"]
[SourceDate "2022.10.05"]
[SourceVersion "1"]
[SourceVersionDate "2022.10.05"]
[SourceQuality "1"]

1. d4 Nf6 2. Nf3 e6 3. Bf4 b6 4. e3 Bb7 5. Bd3 Be7 6. Nbd2 Nh5 7. Bg3 d6 8. c3 Nd7 9. Qe2 a6 10. e4 c5 11. e5 Nxg3 12. hxg3 cxd4 13. cxd4 dxe5 14. dxe5 Nc5 15. Be4 Nxe4 16. Nxe4 Bb4+ 17. Kf1 Qc7 18. a3 Be7 19. Rd1 Rd8 20. Rxd8+ Qxd8 21. Nfd2 Qd4 22. Nd6+ Bxd6 23. exd6 Qxd6 24. Nf3 Qc6 25. Rh4 Qc1+ 26. Ne1 0-0 27. Rc4 Qg5 28. Nf3 Qh5 29. Rh4 Bxf3 30. gxf3 Qa5 31. Qd3 h6 32. b4 Qa4 33. g4 Qb5 34. Ke2 Qe5+ 35. Kf1 Qb5 36. Ke2 Rd8 37. Qxb5 axb5 38. Rh5 Rd5 39. Rxd5 exd5 40. Kd3 g6 41. f4 h5 42. Ke3 h4 0-1

[Event "Asti Alfieri Memorial 1st"]
[Site "Asti"]
[Date "2006.02.04"]
[Round "3"]
[White "Giudici, Alberto"]
[Black "De Francisci, Luigi"]
[Result "0-1"]
[WhiteElo "1870"]
[BlackElo "1798"]
[PlyCount "80"]
[EventDate "2006.02.02"]
[EventType "swiss"]
[EventRounds "6"]
[EventCountry "ITA"]
[SourceTitle "CBM 110 Extra"]
[Source "ChessBase"]
[SourceDate "2006.03.10"]
[SourceVersion "2"]
[SourceVersionDate "2006.03.10"]
[SourceQuality "1"]

1. d4 b5 2. Nf3 Bb7 3. Bf4 e6 4. e3 a6 5. Bd3 Nf6 6. Nbd2 d6 7. c3 Be7 8. h3 c5 9. dxc5 dxc5 10. Qc2 Nbd7 11. 0-0 h6 12. Rad1 Qb6 13. c4 g5 14. Be5 Rg8 15. Bh7 Rg7 16. Be4 Nxe5 17. Bxb7 Qxb7 18. Nxe5 g4 19. Nxg4 Nxg4 20. hxg4 Rxg4 21. f3 Rg7 22. Ne4 Qc7 23. Qc3 Kf8 24. Rf2 b4 25. Qc2 f5 26. Nd2 Bh4 27. Re2 Rd8 28. e4 f4 29. e5 Rg5 30. Rde1 Bxe1 31. Rxe1 Rxe5 32. Ne4 Qd7 33. a3 Qd4+ 34. Kf1 Rh5 35. Nf2 Re5 36. Rxe5 Qxe5 37. Ng4 Qh5 38. axb4 Qh1+ 39. Kf2 Rd1 40. Nh2 Qe1# 0-1